Historia y población: un futuro sin porvenir

Guardat en:
Dades bibliogràfiques
Autors principals: Chaunu, Pierre (Autor), Legrand, Jean (Autor)
Format: Llibre
Idioma:espanyol
Publicat: Ciudad de México Fondo de Cultura Económica 1982
Edició:1a. ed
Col·lecció:Sección de Obras de Historia
Matèries:
Etiquetes: Afegir etiqueta
Sense etiquetes, Sigues el primer a etiquetar aquest registre!

MARC

LEADER 00000cam a2200000 a 4500
001 UCZ1296
003 CL-VaPUC
008 950817e19820000MX |||||||||||||||||spa|d
020 |a 9681610326 
082 0 4 |a 304.6  |b CHA  |2 21 
100 0 |a Chaunu, Pierre  |e author  |9 344827 
700 0 |a Legrand, Jean  |e author  |9 344828 
245 1 0 |a Historia y población: un futuro sin porvenir 
250 |a 1a. ed 
300 |a 346 p 
942 |c BK 
945 |d 19950817 00:00:00  |a rbrito 
260 |a Ciudad de México  |b Fondo de Cultura Económica  |c 1982 
650 0 |a Demografía   |9 260008 
650 0 |a Población  |9 257577 
650 0 |a Sociología   |9 255410 
650 7 |a PALEODEMOGRAFIA  |2 CL-VaPUC  |9 344829 
583 |a last modification  |c 20160704 11:45:31  |k Rodrigo Vera 
490 0 |a Sección de Obras de Historia 
999 |c 238062  |d 238060 
952 |0 0  |1 0  |4 0  |6 304_600000000000000_CHA_1982  |7 0  |8 A  |9 248049  |a BIBHIS  |b BIBHIS  |d 2019-11-18  |i 3121887  |o 304.6 CHA 1982  |p 3121887  |r 2025-01-20  |w 2019-11-18  |y BK  |k HIS 
952 |0 0  |1 0  |4 0  |6 304_600000000000000_CHA_1982  |7 0  |8 A  |9 248050  |a BIBHIS  |b BIBHIS  |d 2019-11-18  |i 3476782  |o 304.6 CHA 1982  |p 3476782  |r 2025-01-20  |w 2019-11-18  |y BK  |k HIS 
952 |0 0  |1 0  |3 erb  |4 0  |6 304_600000000000000_CHA_1982  |7 0  |8 A  |9 248051  |a FDOHBE  |b FDOHBE  |e Huesbe Llanos, Marco Antonio, 1934-  |i 5330777  |o 304.6 CHA 1982  |p 5330777  |r 2024-01-30  |w 2019-11-18  |y BK  |z Catalogado en:20160708  |k HBE